000 00341nam a2200157Ia 4500
003 OSt
005 20240223164332.0
008 170524s9999 xx 000 0 und d
020 _a 9781259006463
040 _cIIMT UNIVERSITY MEERUT
100 _aAntonio
245 0 _aDigital Fitter
260 _bTMH
260 _c2005
942 _2ddc
_c02
999 _c5170
_d5170